| 000 | 00629nam a2200193Ia 4500 | ||
|---|---|---|---|
| 003 | IN-BaIIA | ||
| 008 | 211028s9999 xx 000 0 eng d | ||
| 020 | _a0-86131-126-4 | ||
| 040 | _cIIA Library | ||
| 080 |
_a92:32 _bNEH-7 |
||
| 245 | 0 |
_aNehru selected works _bvol. 7, a project of the Jawaharlal Nehru memorial fund _cedited by S. Gopal |
|
| 260 |
_aNew Delhi _bSujit Mukherjee Orient Longman _c1979 |
||
| 300 | _a692p. | ||
| 650 |
_aBiography _91224 |
||
| 650 |
_aBiography-Nehru _912148 |
||
| 650 |
_aNehru-Biography _912149 |
||
| 700 |
_aGopal, S., ed. _912150 |
||
| 942 | _cBK | ||
| 999 |
_c7089 _d7089 |
||